书目信息 |
| 题名: |
格列佛游记
|
|
| 作者: | 斯威夫特 著 ;杨昊成 译 | |
| 分册: | ||
| 出版信息: | 南京 译林出版社 2012.04 |
|
| 页数: | 248页 | |
| 开本: | 23cm | |
| 丛书名: | 凤凰壹力 | |
| 单 册: | ||
| 中图分类: | I561.44 | |
| 科图分类: | ||
| 主题词: | 长篇小说--chang pian xiao shuo--英国--近代 | |
| 电子资源: | ||
| ISBN: | 978-7-5447-2611-5 | |
| 000 | 01263nam 2200325 450 | |
| 001 | CAL 01010009621 | |
| 005 | 20150811161123.78 | |
| 010 | @a978-7-5447-2611-5@dCNY39.00 | |
| 100 | @a20120327d2012 em y0chiy50 ea | |
| 101 | 1 | @achi@ceng |
| 102 | @aCN@b320000 | |
| 105 | @aa z 000ay | |
| 106 | @ar | |
| 200 | 1 | @a格列佛游记@Age lie fo you ji@f(英) 乔纳森·斯威夫特著@g杨昊成译 |
| 210 | @a南京@c译林出版社@d2012.04 | |
| 215 | @a248页@c图@d23cm | |
| 225 | 2 | @a凤凰壹力@Afeng huang yi li@v0252 |
| 225 | 2 | @a双语译林壹力文库@Ashuang yu yi lin yi li wen ku@h第二辑@v037 |
| 312 | @a英文题名取自封面 | |
| 330 | @a本书通过格列佛在利立浦特、布罗布丁奈格、勒皮他和“慧骃”国的奇遇, 反映了十八世纪前半期英国社会的一些矛盾, 揭露批判了英国统治阶级的腐败和罪恶, 以及英国资产阶级在资本主义原始积累时期的疯狂掠夺和残酷剥削。本书买中文版赠英文版。 | |
| 410 | 0 | @12001 @a双语译林壹力文库@h第二辑@v037 |
| 410 | 0 | @12001 @a凤凰壹力@v0252 |
| 500 | 10 | @aGulliver's travels@mChinese |
| 586 | @a | |
| 606 | 0 | @a长篇小说@Achang pian xiao shuo@y英国@z近代 |
| 690 | @aI561.44@v5 | |
| 701 | 1 | @a斯威夫特@Asi wei fu te@g(Swift, Jonathan)@4著 |
| 702 | 0 | @a杨昊成@Ayang hao cheng@4译 |
| 801 | 0 | @aCN@c20150820 |
| 905 | @a河南城建学院图书馆@dI561.44@eS710@f3 | |
| 格列佛游记/(英) 乔纳森·斯威夫特著/杨昊成译.-南京:译林出版社,2012.04 |
| 248页:图;23cm.-(凤凰壹力;0252).-(双语译林壹力文库.第二辑;037) |
| ISBN 978-7-5447-2611-5:CNY39.00 |
| 本书通过格列佛在利立浦特、布罗布丁奈格、勒皮他和“慧骃”国的奇遇, 反映了十八世纪前半期英国社会的一些矛盾, 揭露批判了英国统治阶级的腐败和罪恶, 以及英国资产阶级在资本主义原始积累时期的疯狂掠夺和残酷剥削。本书买中文版赠英文版。 |
| ● |
| 相关链接 |
|
|
|
正题名:格列佛游记
索取号:I561.44/S710
 
预约/预借
| 序号 | 登录号 | 条形码 | 馆藏地/架位号 | 状态 | 备注 |
| 1 | 1163434 | 211634347 | 文学库116/116文学库 20排3列4层/ [索取号:I561.44/S710] | 在馆 | |
| 2 | 1163435 | 211634356 | 文学库116/116文学库 20排3列4层/ [索取号:I561.44/S710] | 在馆 | |
| 3 | 1163436 | 211634365 | 文学库116/116文学库 21排1列6层/ [索取号:I561.44/S710] | 在馆 |